| 000 | 00406nam a22001337a 4500 | ||
|---|---|---|---|
| 008 | 231206b |||||||| |||| 00| 0 eng d | ||
| 020 | _a0-85633-171-6 | ||
| 100 | _aHERRING, JAMES E. | ||
| 245 | _aTEACHING LIBRARY SKILLS IN SCHOOLS | ||
| 300 | _a96P. | ||
| 500 | _aINCLUDES BIBLIOGRAPHICAL REFERENCES AND INDEX | ||
| 650 | _aSchool libraries; Library orientation for school children | ||
| 942 |
_2lcc _cBK |
||
| 999 |
_c208575 _d208575 |
||